00000000nas##2200000za#4500
0019.508754
003CaOODSP
00520200325101630
007ta
008150406c1998||||xxc|| p #||||f|   |0eng|d
040 |aCaOODSP|beng
041 |aeng
041 |afre
043 |an-cn---
0861 |aT12-7
1101 |aCanada. |bTransport Canada.
24510|aMarine safety review / |cIssued by Safety and Security Group.
260 |aOttawa - Ontario : |bTransport Canada
310 |aQuarterly
3621 |a(Vol. 1, no.1, March 1997 -- No. 10, Autumn 2002)
546 |aBilingual
563 |aSoftcover
7760#|tSécurité maritime en rubrique / |w(CaOODSP)9.503252
7760#|tMarine safety review / |w(CaOODSP)9.506856
792 |tSécurité maritime en rubrique / |efre|w(CaOODSP)9.508755